• 首页
  • 本馆介绍
  • 公告通知
  • 最新文献
  • 馆藏检索
  • 电子资源
  • 读者导购
  • 参考咨询
  • 我的图书馆
  • 登录
  • 详细信息显示
  • 放入我的书架
  • 预约/预借图书
  • 作者相关作品
  • 分类相关作品
  • 丛书相关作品
  • 出版社相关作品

书目信息

  • 表格格式
  • 工作单格式
  • 卡片格式
题名:
板栗病虫草害诊治生态图谱
    
 
作者: 冯玉增 , 张爱玲 , 魏岚 主编
分册:  
出版信息: 北京   中国林业出版社  2019.09
页数: 96, 119页
开本: 21cm
丛书名:
单 册:
中图分类: S436.64-64 , S451.24-64
科图分类:
主题词: 板栗--ban li--病虫害防治--图谱 , 板栗--ban li--除草--图谱
电子资源:
ISBN: 978-7-5219-0223-5
000 01265nam0 2200289 450
001 0109110253
005 20201109110341.0
010    @a978-7-5219-0223-5@dCNY45.00
100    @a20191112d2019 em y0chiy50 ea
101 0  @achi
102    @aCN@b110000
105    @aa z 000yy
106    @ar
200 1  @a板栗病虫草害诊治生态图谱@Aban li bing chong cao hai zhen zhi sheng tai tu pu@dAtlas of diagnosis and treatment for disease pest and weed disease of chestnut@f冯玉增, 张爱玲, 魏岚主编@zeng
210    @a北京@c中国林业出版社@d2019.09
215    @a96, 119页@d21cm
330    @a本书介绍了板栗树的病、虫、草形态特征、危害特点、发生规律及无公害综合防治技术。全书介绍板栗病害、害虫、杂草以及天敌,含彩色生态照片近300幅。每种病、虫、草都配有多幅彩色生态图片,既突出了农业和生物防治,也介绍了无公害化学农药防治技术。
510 1  @aAtlas of diagnosis and treatment for disease pest and weed disease of chestnut@zeng
606 0  @a板栗@Aban li@x病虫害防治@j图谱
606 0  @a板栗@Aban li@x除草@j图谱
690    @aS436.64-64@v5
690    @aS451.24-64@v5
701  0 @a冯玉增@Afeng yu zeng@f(1958-)@4主编
701  0 @a张爱玲@Azhang ai ling@4主编
701  0 @a魏岚@Awei lan@4主编
801  0 @aCN@bBJSZM@c20201103
905    @b1242319-22@dS436.64-64@e212@f4
    
    板栗病虫草害诊治生态图谱=Atlas of diagnosis and treatment for disease pest and weed disease of chestnut/冯玉增, 张爱玲, 魏岚主编.-北京:中国林业出版社,2019.09
    96, 119页;21cm
    
    
    ISBN 978-7-5219-0223-5:CNY45.00
    本书介绍了板栗树的病、虫、草形态特征、危害特点、发生规律及无公害综合防治技术。全书介绍板栗病害、害虫、杂草以及天敌,含彩色生态照片近300幅。每种病、虫、草都配有多幅彩色生态图片,既突出了农业和生物防治,也介绍了无公害化学农药防治技术。
●
相关链接 在E读中查询图书 在五车中查询图书 在当当中查询图书 在豆瓣中查询图书


正题名:板栗病虫草害诊治生态图谱     索取号:S436.64-64/212         预约/预借

序号 登录号 条形码 馆藏地/架位号 状态 备注
1 1242319   212423199   第二样本阅览室/ [索取号:S436.64-64/212] 在馆    
2 1242320   212423206   第三借阅区/ [索取号:S436.64-64/212] 在馆    
3 1242321   212423215   第三借阅区/ [索取号:S436.64-64/212] 在馆    
4 1242322   212423224   第三借阅区/ [索取号:S436.64-64/212] 在馆    
唐山师范学院图书馆 欢迎您!
大连网信软件有限公司© 版权所有